| 000 | 00634nam a2200265Ia 4500 | ||
|---|---|---|---|
| 005 | 20250425162458.0 | ||
| 008 | 250425s9999 xx 000 0 und d | ||
| 020 | _a9789588357287 | ||
| 041 | _aspa | ||
| 043 | _ack | ||
| 082 | _a658.4 | ||
| 100 | _aVARELA, RODRIGO EDITOR | ||
| 245 | 0 | _aGEM COLOMBIA 2009 | |
| 250 | _a1A ED. | ||
| 260 | _aCALI | ||
| 260 |
_aColombia _bEDICIONES ICESI _c2010 |
||
| 300 | _a136 | ||
| 500 | _aGLOBAL ENTREPRENEURSHIP MONITOR REPORTE ANUAL COLOMBIA 2009 | ||
| 650 | _aCOLOMBIA | ||
| 650 | _aEMPRENDEDORES | ||
| 650 | _aINFORMES | ||
| 710 | _aICESI | ||
| 942 | _c01 | ||
| 010 | _a76686 | ||
| 999 |
_c230066 _d230066 |
||